00542nam a22001577a 450000500170000000800410001702000180005804100130007608200150008910000130010424501380011725000190025526000530027430000320032765000250035920231124143845.0231124b |||||||| |||| 00| 0 eng d a9789991642116 aEnglish  a340.5 HIN  lEnglish  aCustomary Law Ascertained : bThe Customary Law of the Bakgalagari, Batswana and Damara Communities of Namibia / cedited by MO Hinz  aFirst Edition  aWindhoek : bUniversity of Namibia Press, c2013 bxiii, 505 pages ; c25 cm.  aLegal practice bLaw